| 000 | 00349nam a2200109Ia 4500 | ||
|---|---|---|---|
| 008 | 171211s9999 xx 000 0 und d | ||
| 245 | _aAdvance Trends in Soft Computing | ||
| 245 | _cJanusz Kacprzyk, Mo Jamshidi, and Vladik Kreinovich | ||
| 260 | _c2013 | ||
| 650 | _xINFORMATION TECHNOLOGIES | ||
| 856 | _uhttp://down.ebook777.com/064/3319036734.pdf | ||
| 999 |
_c349712 _d349712 |
||